000 02615nam a2200517Ii 4500
001 1381476433
003 OCoLC
005 20230623123934.0
008 230608m20239999nyua j 6 000 1 eng d
020 _a9781250816252
_q(v. 1)
_q(hardcover)
020 _a1250816254
_q(v. 1)
_q(hardcover)
020 _a9781250816269
_q(v. 1)
_q(paperback)
020 _a1250816262
_q(v. 1)
_q(paperback)
035 _a(OCoLC)1381476433
040 _aXK4
_beng
_erda
_cXK4
_dSO$
092 _ayoung adult graphic
_bYang
100 1 _aYang, Gene Luen,
_eauthor.
_955222
245 1 4 _aThe books of Clash /
_cwritten by Gene Luen Yang ; pencils by Les McClaine ; inks by Alison Acton ; color by Karina Edwards & Alex Campbell.
250 _aFirst edition.
264 1 _aNew York, NY :
_bFirst Second,
_c2023-
300 _avolumes :
_bchiefly color illustrations ;
_c23 cm.
336 _atext
336 _astill image
337 _aunmediated
338 _avolume
490 _aBooks of Clash;
_vVol. 1.
500 _aDescription based on volume 1.
505 1 0 _gv. 1.
_tLegendary legends of legendarious achievery --
520 _a"SEE! The illustrated exploits of one young Hog Rider and his trusted companion in an unpredictable tale of fantasy and adventure! READ! Their journey from no-good warriors on the battlefield to true heroes of the Royal Arena! BATTLE! When danger strikes the village of JazzyPickles and its colorful cast of characters in this heartwarming and hilarious graphic novel based on two of the world's most popular video games. In this epic new series set in the world of Clash of Clans and Clash Royale, experience a laugh-out-loud tale of friendship and fun!"--Provided by publisher.
650 0 _aImaginary wars and battles
_vComic books, strips, etc.
_95691762
650 0 _aAdventure and adventurers
_vComic books, strips, etc.
_95688301
650 0 _aFriendship
_vComic books, strips, etc.
_95688309
655 7 _aAction and adventure comics.
_2lcgft.
_95716592
655 7 _aFantasy comics.
_2lcgft.
655 7 _aComics (Graphic works)
_2lcgft.
_95689343
655 7 _aGraphic novels.
_2lcgft.
655 7 _aGraphic novel adaptations.
_2lcgft.
_95803233
700 1 _aMcClaine, Les,
_eartist.
_96469363
700 1 _aActon, Alison,
_eartist.
_96469364
700 1 _aEdwards, Karina,
_ecolorist.
_96469365
700 1 _aCampbell, Alex,
_ecolorist.
_96191811
710 2 _aSupercell.
_96469366
730 0 _aClash of clans (Video game)
_96469367
730 0 _aClash royale (Video game)
_96469368
942 _2ddc
_cBOOK
999 _c385449
_d385449